000 00621nam a22001937a 4500
005 20251108164924.0
008 250721s2002 xx 000 0 ara d
082 1 4 _a818.023/طوي
100 1 _aالطويل، حسين علي
_eمعد
245 1 0 _aموسوعة روائع الحكم و الأمثال و الأقوال المأثورة /
264 1 _aعمان :
_bدار الأهلية للنشر،
_c2002.
300 _a473ص
650 1 7 _aالأمثال
650 1 7 _aالحكم (الأمثال)
650 1 7 _aالأقوال المأثورة
650 1 7 _aالحكمة
942 _2ddc
_cREF
999 _c17531
_d17531